Organizaciones comunitarias y gestión asociada: una estrategia para el desarrollo de ciudadanía emancipada

Saved in:
Bibliografiske detaljer
Hovedforfatter: Ruiz, Violeta (Author)
Format: Bog
Sprog:spansk
Udgivet: Buenos Aires Paidós 2004
Udgivelse:1a. ed
Serier:Tramas Sociales, 26
Fag:
Tags: Tilføj Tag
Ingen Tags, Vær først til at tagge denne postø!

MARC

LEADER 00000nam a2200000 a 4500
001 UCL8867
003 CL-VaPUC
008 040709e20040000AG |||||||||||||||||spa|d
020 |a 9501245268 
082 0 4 |a 361.25  |b RUI  |2 21 
100 0 |a Ruiz, Violeta  |e author  |9 486811 
245 1 0 |a Organizaciones comunitarias y gestión asociada: una estrategia para el desarrollo de ciudadanía emancipada 
250 |a 1a. ed 
300 |a 165 p 
942 |c BK 
945 |d 20040709 00:00:00  |a cmena 
260 |a Buenos Aires  |b Paidós  |c 2004 
650 0 |a Política social  |9 257588 
650 0 |a Problemas sociales  |9 258537 
650 0 |a Participación comunitaria  |9 317870 
583 |a last modification  |c 20040709 00:00:00  |k Rodrigo Vera 
490 0 |a Tramas Sociales, 26 
999 |c 309962  |d 309960 
952 |0 0  |1 0  |4 0  |6 361_250000000000000_RUI_2004  |7 0  |8 A  |9 377851  |a BIBGIM  |b BIBGIM  |d 2019-11-21  |i 4035798  |o 361.25 RUI 2004  |p 4035798  |r 2025-01-15  |w 2019-11-21  |y BK  |k SSL